000 00640nam a2200277Ia 4500
005 20260324150044.0
008 008 260324s9999 xx 000 0 eng d
020 _a9781315737683
037 _aEBOOK
040 _aCRL
040 _beng
040 _cCRL
041 _2eng
041 _aeng
084 _qCRL
100 _aStanley Schacter; Judith Rodin
_91225107
245 0 _aObese Humans and Rats
260 _bTaylor and Francis
260 _c1974
365 _a
365 _b145
856 _uhttp://www.taylorfrancis.com/books/9781315737683
942 _cEBOOK
999 _c1833923
_d1833923